Mũi nhọn công nghệ thông tin /

محفوظ في:
التفاصيل البيبلوغرافية
المؤلف الرئيسي: Nguyễn Đình Tùng.
التنسيق: مقال
اللغة:Vietnamese
الموضوعات:
الوسوم: إضافة وسم
لا توجد وسوم, كن أول من يضع وسما على هذه التسجيلة!
Thư viện lưu trữ: Thư viện Trường Đại học Đà Lạt
LEADER 00766nam a2200265 4500
001 DLU120134072
005 ##20120419
040 # # |a DLU  |b vie 
041 # # |a vie 
044 # # |a vn 
100 # # |a Nguyễn Đình Tùng. 
245 # # |a Mũi nhọn công nghệ thông tin /  |c Nguyễn Đình Tùng. 
653 # # |a Công nghệ thông tin 
653 # # |a Giáo án điện tử 
653 # # |a Phương tiện học tập 
773 # # |t Giáo dục và thời đại  |g Số 4, 2010, tr. 10 
920 # # |a Phòng Tạp chí -- Trung tâm Thông tin - Thư viện Trường Đại học Đà Lạt 
994 # # |a DLU 
900 # # |a True 
911 # # |a Nguyễn Thị Linh Chi 
925 # # |a G 
926 # # |a A 
927 # # |a BB 
980 # # |a Thư viện Trường Đại học Đà Lạt